<?xml version="1.0" encoding="UTF-8"?>
<record
    xmlns:xsi="http://www.w3.org/2001/XMLSchema-instance"
    xsi:schemaLocation="http://www.loc.gov/MARC21/slim http://www.loc.gov/standards/marcxml/schema/MARC21slim.xsd"
    xmlns="http://www.loc.gov/MARC21/slim">

  <leader>01856nam0a2200397   4500</leader>
  <controlfield tag="001">RU\NLR\bibl\103073</controlfield>
  <controlfield tag="005">20250617084450.0</controlfield>
  <datafield tag="010" ind1=" " ind2=" ">
    <subfield code="a">5-222-01017-1</subfield>
    <subfield code="9">10000</subfield>
  </datafield>
  <datafield tag="021" ind1=" " ind2=" ">
    <subfield code="a">RU</subfield>
    <subfield code="b">2000-12462</subfield>
    <subfield code="9">612</subfield>
  </datafield>
  <datafield tag="035" ind1=" " ind2=" ">
    <subfield code="a">(NLR Aleph) 000100828</subfield>
  </datafield>
  <datafield tag="090" ind1=" " ind2=" ">
    <subfield code="a">569221</subfield>
    <subfield code="c">569221</subfield>
  </datafield>
  <datafield tag="100" ind1=" " ind2=" ">
    <subfield code="a">20000811d2000    |||y0rusy50      ca</subfield>
  </datafield>
  <datafield tag="101" ind1="1" ind2=" ">
    <subfield code="a">rus</subfield>
    <subfield code="c">eng</subfield>
  </datafield>
  <datafield tag="102" ind1=" " ind2=" ">
    <subfield code="a">RU</subfield>
  </datafield>
  <datafield tag="105" ind1=" " ind2=" ">
    <subfield code="a">a   |||||||||</subfield>
  </datafield>
  <datafield tag="200" ind1="1" ind2=" ">
    <subfield code="a">&#x41A;&#x432;&#x435;&#x43D;&#x442;&#x438;&#x43D; &#x422;&#x430;&#x440;&#x430;&#x43D;&#x442;&#x438;&#x43D;&#x43E;</subfield>
    <subfield code="f">&#x411;. &#x420;&#x430;&#x43C;&#x441;&#x442;&#x430;&#x439;&#x43D;, &#x414;&#x436;. &#x426;&#x443;&#x43A;&#x435;&#x440;</subfield>
  </datafield>
  <datafield tag="210" ind1=" " ind2=" ">
    <subfield code="a">&#x420;&#x43E;&#x441;&#x442;&#x43E;&#x432; &#x43D;/&#x414;</subfield>
    <subfield code="c">&#x424;&#x435;&#x43D;&#x438;&#x43A;&#x441;</subfield>
    <subfield code="d">2000</subfield>
  </datafield>
  <datafield tag="215" ind1=" " ind2=" ">
    <subfield code="a">381, [1] &#x441;., [8] &#x43B;. &#x438;&#x43B;., &#x446;&#x432;. &#x438;&#x43B;., &#x444;&#x430;&#x43A;&#x441;., &#x43F;&#x43E;&#x440;&#x442;&#x440;.</subfield>
    <subfield code="d">21</subfield>
  </datafield>
  <datafield tag="300" ind1=" " ind2=" ">
    <subfield code="a">&#x417;&#x430;&#x433;&#x43B;. &#x43E;&#x431;&#x43B;.: &#x414;&#x436;&#x43E;&#x43D; &#x422;&#x440;&#x430;&#x432;&#x43E;&#x43B;&#x442;&#x430; &#x438; &#x41A;&#x432;&#x435;&#x43D;&#x442;&#x438;&#x43D; &#x422;&#x430;&#x440;&#x430;&#x43D;&#x442;&#x438;&#x43D;&#x43E;</subfield>
  </datafield>
  <datafield tag="300" ind1=" " ind2=" ">
    <subfield code="a">&#x41D;&#x430; &#x43E;&#x431;&#x43B;. &#x430;&#x432;&#x442;. &#x43D;&#x435; &#x443;&#x43A;&#x430;&#x437;&#x430;&#x43D;&#x44B;</subfield>
  </datafield>
  <datafield tag="423" ind1=" " ind2="1">
    <subfield code="1">2001#$a&#x414;&#x436;&#x43E;&#x43D; &#x422;&#x440;&#x430;&#x432;&#x43E;&#x43B;&#x442;&#x430; - &#x432;&#x44B;&#x441;&#x43E;&#x43A;&#x43E;&#x435; &#x43D;&#x430;&#x43F;&#x440;&#x44F;&#x436;&#x435;&#x43D;&#x438;&#x435;$f&#x41D;&#x430;&#x442;&#x430; &#x423;&#x43E;&#x43B;&#x434;&#x43C;&#x44D;&#x43D;$g[&#x41F;&#x435;&#x440;.: &#x421;&#x430;&#x436;&#x43D;&#x435;&#x432;&#x430; &#x414;.]</subfield>
    <subfield code="1">210##$a&#x420;&#x43E;&#x441;&#x442;&#x43E;&#x432; &#x43D;/&#x414;$d2000</subfield>
    <subfield code="1">215##$a&#x421;. 183-381, [1]</subfield>
    <subfield code="1">700#1$a&#x423;&#x43E;&#x43B;&#x434;&#x43C;&#x44D;&#x43D;$b&#x41D;.$g&#x41D;&#x430;&#x442;&#x430;$4070</subfield>
    <subfield code="t">&#x414;&#x436;&#x43E;&#x43D; &#x422;&#x440;&#x430;&#x432;&#x43E;&#x43B;&#x442;&#x430; - &#x432;&#x44B;&#x441;&#x43E;&#x43A;&#x43E;&#x435; &#x43D;&#x430;&#x43F;&#x440;&#x44F;&#x436;&#x435;&#x43D;&#x438;&#x435;</subfield>
    <subfield code="a">&#x423;&#x43E;&#x43B;&#x434;&#x43C;&#x44D;&#x43D;, &#x41D;&#x430;&#x442;&#x430;</subfield>
  </datafield>
  <datafield tag="512" ind1="1" ind2=" ">
    <subfield code="a">&#x414;&#x436;&#x43E;&#x43D; &#x422;&#x440;&#x430;&#x432;&#x43E;&#x43B;&#x442;&#x430; &#x438; &#x41A;&#x432;&#x435;&#x43D;&#x442;&#x438;&#x43D; &#x422;&#x430;&#x440;&#x430;&#x43D;&#x442;&#x438;&#x43D;&#x43E;</subfield>
  </datafield>
  <datafield tag="600" ind1=" " ind2="1">
    <subfield code="a">&#x422;&#x440;&#x430;&#x432;&#x43E;&#x43B;&#x442;&#x430;</subfield>
    <subfield code="b">&#x414;.</subfield>
    <subfield code="g">&#x414;&#x436;&#x43E;&#x43D;</subfield>
    <subfield code="9">2177752</subfield>
    <subfield code="3">RU\NLR\auth\661309743</subfield>
  </datafield>
  <datafield tag="600" ind1=" " ind2="1">
    <subfield code="a">&#x422;&#x430;&#x440;&#x430;&#x43D;&#x442;&#x438;&#x43D;&#x43E;</subfield>
    <subfield code="b">&#x41A;.</subfield>
    <subfield code="f">1963</subfield>
    <subfield code="g">&#x41A;&#x432;&#x435;&#x43D;&#x442;&#x438;&#x43D;</subfield>
    <subfield code="9">2098630</subfield>
    <subfield code="3">RU\NLR\auth\661269513</subfield>
  </datafield>
  <datafield tag="600" ind1=" " ind2="1">
    <subfield code="a">&#x422;&#x430;&#x440;&#x430;&#x43D;&#x442;&#x438;&#x43D;&#x43E;</subfield>
    <subfield code="b">&#x41A;.</subfield>
    <subfield code="f">1963-</subfield>
    <subfield code="g">&#x41A;&#x432;&#x435;&#x43D;&#x442;&#x438;&#x43D;</subfield>
    <subfield code="2">psbo</subfield>
  </datafield>
  <datafield tag="600" ind1=" " ind2="1">
    <subfield code="a">&#x422;&#x440;&#x430;&#x432;&#x43E;&#x43B;&#x442;&#x430;</subfield>
    <subfield code="b">&#x414;.</subfield>
    <subfield code="g">&#x414;&#x436;&#x43E;&#x43D;</subfield>
    <subfield code="2">psbo</subfield>
  </datafield>
  <datafield tag="686" ind1=" " ind2=" ">
    <subfield code="a">&#x429;374.3(7&#x421;&#x428;&#x410;)6-85&#x422;&#x430;&#x440;&#x430;&#x43D;&#x442;&#x438;&#x43D;&#x43E;</subfield>
  </datafield>
  <datafield tag="686" ind1=" " ind2=" ">
    <subfield code="a">&#x429;374.3(7&#x421;&#x428;&#x410;)6-86&#x422;&#x440;&#x430;&#x432;&#x43E;&#x43B;&#x442;&#x430;</subfield>
  </datafield>
  <datafield tag="700" ind1=" " ind2="1">
    <subfield code="a">&#x420;&#x430;&#x43C;&#x441;&#x442;&#x430;&#x439;&#x43D;</subfield>
    <subfield code="b">&#x411;.</subfield>
    <subfield code="4">070</subfield>
  </datafield>
  <datafield tag="701" ind1=" " ind2="1">
    <subfield code="a">&#x426;&#x443;&#x43A;&#x435;&#x440;</subfield>
    <subfield code="b">&#x414;.</subfield>
    <subfield code="g">&#x414;&#x436;</subfield>
    <subfield code="4">070</subfield>
  </datafield>
  <datafield tag="801" ind1=" " ind2="0">
    <subfield code="a">RU</subfield>
    <subfield code="b">NLR</subfield>
    <subfield code="c">20000811</subfield>
    <subfield code="g">PSBO</subfield>
  </datafield>
  <datafield tag="801" ind1=" " ind2="1">
    <subfield code="a">RU</subfield>
    <subfield code="b">NLR</subfield>
    <subfield code="c">20000811</subfield>
  </datafield>
  <datafield tag="852" ind1=" " ind2=" ">
    <subfield code="a">NLR</subfield>
    <subfield code="j">2000-3/8060</subfield>
  </datafield>
  <datafield tag="942" ind1=" " ind2=" ">
    <subfield code="c">BOOK</subfield>
  </datafield>
  <datafield tag="980" ind1=" " ind2=" ">
    <subfield code="a">NB</subfield>
  </datafield>
  <datafield tag="995" ind1=" " ind2=" ">
    <subfield code="5">2000-08-11</subfield>
    <subfield code="a">ad</subfield>
    <subfield code="b">NLR01</subfield>
    <subfield code="c">NLR01</subfield>
    <subfield code="e">RF8</subfield>
    <subfield code="f">1-1662691</subfield>
    <subfield code="k">2000-3/8060</subfield>
    <subfield code="o">0</subfield>
    <subfield code="r">BOOK</subfield>
    <subfield code="s">200038060_</subfield>
  </datafield>
  <datafield tag="995" ind1=" " ind2=" ">
    <subfield code="5">2000-08-11</subfield>
    <subfield code="a">ad</subfield>
    <subfield code="b">NLR01</subfield>
    <subfield code="c">NLR01</subfield>
    <subfield code="e">RF8</subfield>
    <subfield code="f">56699</subfield>
    <subfield code="k">2000-3/8060</subfield>
    <subfield code="o">0</subfield>
    <subfield code="r">BOOK</subfield>
    <subfield code="s">200038060_</subfield>
  </datafield>
</record>
